| Поле | Название | Значение |
| |
Тип записи |
a |
| |
Библиографический уровень |
m |
| 001 |
Контрольный номер |
RU/IS/BASE/580315773 |
| 005 |
Дата корректировки |
20201206205131.0 |
| 010 |
Индекс ISBN |
__ |
| a |
ISBN |
978-5-94668-060-8 (в пер.) |
| d |
Цена |
320-00, 3000 экз. |
| 100 |
Данные общей обработки |
__ |
| a |
Данные общей обработки |
19180522d2009||||||| 0rusy0189 ca |
| 101 |
Язык документа |
0_ |
| a |
Язык текста |
rus |
| 102 |
Страна публикации |
__ |
| a |
Страна публикации |
ru| |
| 105 |
Кодированные данные (монография) |
__ |
| a |
Кодированные данные (монография) |
#|||||||000zy |
| 200 |
Заглавие и сведения об ответственности |
1_ |
| a |
Заглавие |
Дневники, 1932, 1933, 1934, 1935 |
| f |
Первые сведения об ответственности |
М. М. Пришвин ; [подготовка текста Я. З. Гришина] |
| b |
Общее обозначение материала |
Текст |
| h |
Номер части |
Кн. 8 |
| 210 |
Выходные данные |
__ |
| a |
Место издания |
Санкт-Петербург |
| c |
Издательство |
Росток |
| d |
Дата издания |
2009 |
| 215 |
Физическое описание |
__ |
| a |
Объем |
1004, [2] с. |
| d |
Формат |
21 см |
| 300 |
Общие примечания |
__ |
| a |
Общие примечания |
Книга с экслибрисом С. А. Лагерева из личной библиотеки |
| 320 |
Библиография |
__ |
| a |
Библиография |
Указатель имен: с. 983-1005 |
| 330 |
Аннотация |
__ |
| a |
Аннотация |
Книга дневников 1932-1935 годов продолжает издание литературного наследия писателя. Первая книга дневников (1914-1917) вышла в 1991 г., вторая (1918-1919) - в 1994 г., третья (1920-1922) - в 1995 г., четвертая (1923-1925) - в 1999 г., пятая (1926-1927) - в 2003 г., шестая (1928-1929) - в 2004 г., седьмая книга (1930-1931) - в 2006 г. |
| 333 |
Примечание о целевом назначении |
__ |
| a |
Примечание о целевом назначении |
16+. Для детей старше 16 лет |
| 517 |
Другие варианты заглавия |
__ |
| a |
Другие варианты заглавия |
Дневники, 1932-1935 |
| 600 |
Персоналии |
__ |
| a |
Персоналии (Фамилия) |
Пришвин, М. М. |
| c |
Дополнение к имени |
писатель русский |
| f |
Даты |
1873-1954 |
| g |
Полное имя |
Михаил Михайлович |
| 606 |
Тематические рубрики |
__ |
| a |
Основная рубрика |
Художественная литература |
| 606 |
Тематические рубрики |
__ |
| a |
Основная рубрика |
Русская литература XX в. (произведения) |
| 610 |
Ключевые слова |
__ |
| a |
Ключевые слова |
дневники |
| a |
Ключевые слова |
дневниковые записи |
| a |
Ключевые слова |
очерки |
| a |
Ключевые слова |
персоналии |
| a |
Ключевые слова |
писатели |
| a |
Ключевые слова |
письма |
| a |
Ключевые слова |
рассказы |
| a |
Ключевые слова |
тема женщины |
| a |
Ключевые слова |
тема личности |
| a |
Ключевые слова |
тема любви |
| a |
Ключевые слова |
тема любви к женщине |
| a |
Ключевые слова |
тема человека |
| 686 |
Индексы других классификаций |
__ |
| 2 |
Код системы |
rubbks |
| a |
Классификационный индекс |
84(2=411.2)6-49 |
| 700 |
Автор |
_1 |
| a |
Фамилия |
Пришвин |
| b |
Имя |
М. М. |
| f |
Даты |
1873-1954 |
| g |
Полное личное имя |
Михаил Михайлович |
| 4 |
Код отношения |
070 |
| 702 |
Вторичная интеллектуальная ответственность |
_1 |
| a |
Фамилия |
Гришина |
| b |
Имя |
Я. З. |
| 4 |
Код отношения |
Составитель |
| 4 |
Код отношения |
220 |
| 801 |
Источник записи |
_0 |
| a |
Страна |
ru |
| b |
Организация |
Муниципальное бюджетное учреждение культуры "Централизованная библиотечная система" г. Сургут (Центральная городская библиотека им. А. С. Пушкина) |
| c |
Дата составления |
20180522 |
| g |
Правила каталогизации |
rpk |
| 801 |
Источник записи |
_1 |
| a |
Страна |
ru |
| b |
Организация |
Муниципальное бюджетное учреждение культуры "Централизованная библиотечная система" г. Сургут (Центральная городская библиотека им. А. С. Пушкина) |
| c |
Дата составления |
20180522 |
| g |
Правила каталогизации |
rpk |
| 852 |
Данные о местонахождении |
__ |
| j |
Шифр хранения |
84(2=411.2)6-49 |
| i |
Авторский знак |
П 77 |
| 901 |
Тип документа |
__ |
| t |
Тип документа |
m |
| a |
Ответственный |
КиК/Трушникова |
| 903 |
Характеристики (МАРС) |
__ |
| a |
Дата передачи |
20180522 |
| 990 |
Данные о заказе (DOS) |
__ |
| j |
Количество экземпляров (DOS) |
1 |
| t |
N записи в КСУ для И/У (DOS) |
201805 |